书目信息 |
| 题名: |
中国农业经济与政策
|
|
| 作者: | 柯炳生 著 | |
| 分册: | ||
| 出版信息: | 北京 中国农业出版社 2005 |
|
| 页数: | 31,593页 | |
| 开本: | 21cm | |
| 丛书名: | ||
| 单 册: | ||
| 中图分类: | F32 , F320 | |
| 科图分类: | ||
| 主题词: | 农业经济--研究--中国 , 农业政策--研究--中国 , 农业经济 , 农业政策 | |
| 电子资源: | ||
| ISBN: | 7-109-10277-7 | |
| 000 | 00969nam0 2200301 450 | |
| 001 | 003019710 | |
| 005 | 20070807145409.84 | |
| 010 | @a7-109-10277-7@b精装@dCNY48.00 | |
| 035 | @a003019710 | |
| 100 | @a20051101d2005 em y0chiy0110 ea | |
| 101 | 0 | @achi |
| 102 | @aCN@b110000 | |
| 105 | @ay z 000yy | |
| 106 | @ar | |
| 200 | 1 | @a中国农业经济与政策@Azhong guo nong ye jing ji yu zheng ce@dAgricultural economy and policy in China@f柯炳生著@Fke bing sheng zhu@zeng |
| 210 | @a北京@c中国农业出版社@d2005 | |
| 215 | @a31,593页@d21cm | |
| 330 | @a本书内容包括:农村改革与发展、农产品市场与政策、WTO与农产品贸易、农业科技与现代化等。 | |
| 510 | 1 | @aAgricultural economy and policy in China@zeng |
| 606 | 0 | @a农业经济@x研究@y中国 |
| 606 | 0 | @a农业政策@x研究@y中国 |
| 606 | 0 | @a农业经济 |
| 606 | 0 | @a农业政策 |
| 690 | @aF32@v4 | |
| 690 | @aF320@v4 | |
| 701 | 0 | @a柯炳生@Ake bing sheng@f(1955~)@4著 |
| 801 | 0 | @aCN@bNLC@c20070807 |
| 905 | @dF32@e98@f1 | |
| 中国农业经济与政策=Agricultural economy and policy in China/柯炳生著.-北京:中国农业出版社,2005 |
| 31,593页;21cm |
| ISBN 7-109-10277-7(精装):CNY48.00 |
| 本书内容包括:农村改革与发展、农产品市场与政策、WTO与农产品贸易、农业科技与现代化等。 |
| ● |
| 相关链接 |
|
|
|
|
正题名:中国农业经济与政策
索取号:F32/98
 
预约/预借
| 序号 | 登录号 | 条形码 | 馆藏地/架位号 | 状态 | 备注 |
| 1 | 0853166 | 208531668 | 第一样本阅览室/ [索取号:F32/98] | 在馆 |